000 01379cam a2200349 i 4500
999 _c331810
_d331810
001 18053556
003 NUST
005 20180117090032.0
008 140304s2014 dcua b 001 0 eng
010 _a 2013487388
020 _a9781475543407
040 _aDLC
_beng
_cDLC
_erda
042 _apcc
050 0 0 _aHB3722
_b.F5535 2014
082 _a338.542
245 0 0 _aFinancial crises :
_bcauses, consequences, and policy responses /
_ceditors, Stijn Claessens, M. Ayhan Kose, Luc Laeven, and Fabián Valencia.
264 1 _aWashington, D.C. :
_bInternational Monetary Fund,
_c[2014]
300 _axxxii, 635 pages :
_billustrations ;
_c24 cm
336 _atext
_btxt
_2rdacontent
337 _aunmediated
_bn
_2rdamedia
338 _avolume
_bnc
_2rdacarrier
504 _aIncludes bibliographical references (pages 618-620) and index.
650 0 _aFinancial crises.
_95664
650 0 _aFinancial crises
_xPrevention.
_95665
650 0 _aEconomic policy.
_95666
700 1 _aClaessens, Stijn.
_95667
710 2 _aInternational Monetary Fund.
_95668
906 _a7
_bcbc
_corigres
_d2
_encip
_f20
_gy-gencatlg
942 _2ddc
_cBK